Smena na nedeľu - Ezoterický klub ezoterika odpovedá na akúkoľvek otázku na úrovni toho, kto sa pýta

Bibliographic Details
Corporate Author: Smena na nedeľu Ezoterický klub Bratislava, Slovensko (Author)
Format: Book
Language:Slovak
Published: Bratislava Tretia vlna 1994
Subjects:

MARC

LEADER 00000nam a2200000 a 4500
001 vtls001388073
003 SK-MaSNL
005 20260301115724.0
008 160208s1994 xo r 0 slo
015 |a SNBA2000/12-04189 
020 |a 8085688131 
035 |a SNK000342290 
035 |a urn:nbn:sk:snk-amkl26 
035 |a urn:nbn:sk:snk-am003d30 
035 |a CB1BE544-E1F5-40FA-B5A4-7277BD008CE8 
040 |a SNK  |b slo  |c SNK  |e AACR2 
041 0 |a slo 
044 |a xo  |c SK 
080 |a 13+159.922/.94  |2 1981 
110 0 |a Smena na nedeľu  |b Ezoterický klub Bratislava, Slovensko  |4 aut  |9 461172 
245 1 0 |a Smena na nedeľu - Ezoterický klub  |b ezoterika odpovedá na akúkoľvek otázku na úrovni toho, kto sa pýta 
260 |a Bratislava  |b Tretia vlna  |c 1994 
300 |a 34 s.  |c 21 cm 
650 0 7 |a ezoterika  |2 SNK  |9 2083 
655 7 |a príručky  |2 SNK  |9 74364 
919 |a 80-85688-13-1 
958 |a TL 
958 |a BQ 
999 |c 723313  |d 725243 
952 |t P60, <03>, [BOOK], {603}  |a SNK  |b SNK  |y PREZ  |7 0  |p 17A0237466  |o snkSC 101536  |i snkKSP 4760/2000  |0 0  |1 0  |4 0  |d 2000-05-10  |f 1  |l 0  |r 2025-09-23 00:00:00  |w 2026-02-23 
952 |t P60, <04>, [BOOK], {604}  |a SNK  |b SNK  |y VYP  |7 0  |p 17A0237467  |o snkSC 101536 D1  |i snkKSP 4761/2000  |0 0  |1 0  |4 0  |d 2000-05-10  |l 0  |r 2005-01-02 00:00:00  |w 2026-02-23